00754nam a22002057a 450000500170000000800410001702000220005808200220008010000250010224501380012726000440026530000220030950400190033154100090035065000140035965000110037370000330038495201160041799900150053320230309061520.0230309b |||||||| |||| 00| 0 eng d a978-1-78879-043-7 a641.874 C593 2018 aClark, Jasoneauthor aThe art and craft of coffee cocktails:bover 75 recipes for mixing coffee and liquor /cJason Clark; photograph by Alex Attikov Osyka aLondon:bReyland Peters & Small,cc2018 a208p.:bcol. ill. aIncludes index e6950 aCocktails aCoffee aOsyka, Alex A.ephotographer 00102ddc4070aCTUMBbCTUMBd2021-03-03l0o641.874 C593 2018p6950r2023-03-09 00:00:00t1w2023-03-09yBK-R c1679d1679